Diccionario de lingüística
Gorde:
| Egile nagusia: | |
|---|---|
| Formatua: | Liburua |
| Hizkuntza: | gaztelania |
| Argitaratua: |
Madrid
Cátedra
1986
|
| Edizioa: | 2a. ed |
| Gaiak: | |
| Etiketak: |
Etiketa erantsi
Etiketarik gabe, Izan zaitez lehena erregistro honi etiketa jartzen!
|
MARC
| LEADER | 00000nam a2200000 a 4500 | ||
|---|---|---|---|
| 001 | UCW9342 | ||
| 003 | CL-VaPUC | ||
| 008 | 890328e19860000SP |||||||||||||||||spa|d | ||
| 082 | 0 | 4 | |a 413 |b LEW |2 21 |
| 100 | |a Lewandowski, Theodor |e author |9 419738 | ||
| 245 | 1 | 0 | |a Diccionario de lingüística |
| 250 | |a 2a. ed | ||
| 300 | |a 447 p | ||
| 942 | |c BK | ||
| 945 | |d 19890328 00:00:00 | ||
| 260 | |a Madrid |b Cátedra |c 1986 | ||
| 650 | 0 | |a Lingüística |9 265068 | |
| 650 | 0 | |a Diccionario Español |9 255650 | |
| 583 | |a last modification |c 19890328 00:00:00 |k Rodrigo Vera | ||
| 999 | |c 221346 |d 221344 | ||
| 952 | |0 0 |1 0 |4 0 |6 413_000000000000000_LEW_1986 |7 0 |8 A |9 214549 |a FDOPOS |b FDOPOS |d 2019-11-15 |i 2831414 |o 413 LEW 1986 |p 2831414 |r 2025-01-22 |w 2019-11-15 |y BK |k MLA | ||
| 952 | |0 0 |1 0 |4 0 |6 413_000000000000000_LEW_1986 |7 0 |8 X |9 214550 |a BIBEDU |b BIBEDU |d 2019-11-15 |i 2880644 |o 413 LEW 1986 |p 2880644 |r 2023-01-13 |w 2019-11-15 |y BK_X |k LIT | ||